000 01677nam a22001457a 4500
999 _c529666
_d529666
008 250505b ||||| |||| 00| 0 eng d
100 _aSilvestre, Hugo Consciencia, et al
_952580
245 _aAn institutional and transaction cost analysis for the efficiency of water service in Brazilian local government consortia
260 _aLocal Government Studies
300 _a 50(3), Jun, 2024: p.475-497
520 _aIn this paper, we seek to break new ground by empirically investigating the relationship between cooperating entities, local government institutions and transaction costs and its effect on cost efficiency for water services through consortia in Brazilian local government. Drawing on an institutional and transaction cost framework, our results show that the institutional arrangements employed in water service provision have had a significant effect on cost efficiency, measured by total expenditure per user, between 2011 to 2019. Through a Generalized Estimating Equations (GEE), we found that cost efficiency increases slowly for those units performing under bureaucracies and faster under public enterprises. In all instances, dedicated asset specificities and contract management complexity explained differences in water service provision cost efficiency. These findings have theoretical significance as well as significant public policy implications for intermunicipal cooperative agreements.- Reproduced https://www.tandfonline.com/doi/full/10.1080/03003930.2023.2234302
650 _aBrazil, Consortia, Institutions, Transaction cost economics, Cost efficiency, Water services.
_952581
773 _aLocal Government Studies
942 _cAR